Biomass Briquetting And Utilization (Record no. 2557)

MARC details
000 -LEADER
fixed length control field 00274nam a22001217a 4500
041 ## - LANGUAGE CODE
Language code of text/sound track or separate title ENG
100 ## - MAIN ENTRY--PERSONAL NAME
Personal name Srivastava
245 ## - TITLE STATEMENT
Title Biomass Briquetting And Utilization
260 ## - PUBLICATION, DISTRIBUTION, ETC. (IMPRINT)
Place of publication, distribution, etc Delhi
Name of publisher, distributor, etc Jain Brothers
Date of publication, distribution, etc 1995
300 ## - PHYSICAL DESCRIPTION
Extent 152
650 ## - SUBJECT ADDED ENTRY--TOPICAL TERM
Topical term or geographic name as entry element EOES
856 ## - ELECTRONIC LOCATION AND ACCESS
Uniform Resource Identifier Not To Be Issued
Holdings
Withdrawn status Lost status Source of classification or shelving scheme Damaged status Not for loan Home library Current library Shelving location Date acquired Cost, normal purchase price Total Checkouts Barcode Date last seen Price effective from Koha item type
    Dewey Decimal Classification     College of Agricultural Engineering and Technology, Dapoli , Library College of Agricultural Engineering and Technology, Dapoli , Library Book Cart 26/10/2021 125.00   003472 26/10/2021 26/10/2021 Books

Contact Us: College of Agricultural Engineering and Technology, Dapoli, Dist.- Ratnagiri
Website: https://dbskkv.org Email: caetlibrary2015@gmail.com